Catálogo
 En Linea

Guía práctica para invertir en vivienda / (Registro nro. 1708)

Detalles MARC
000 -CABECERA
campo de control de longitud fija 00565nam a2200181 a 4500
001 - NÚMERO DE CONTROL
campo de control 000001831
005 - FECHA Y HORA DE LA ÚLTIMA TRANSACCIÓN
campo de control 20200929145724.0
008 - DATOS DE LONGITUD FIJA--INFORMACIÓN GENERAL
campo de control de longitud fija 090629s2001 es 001 0 spa d
020 ## - NÚMERO INTERNACIONAL ESTÁNDAR DEL LIBRO
Número Internacional Estándar del Libro 8440708122
040 ## - FUENTE DE LA CATALOGACIÓN
Centro catalogador/agencia de origen DO-SdBNP
Lengua de catalogación spa
Centro/agencia transcriptor BNPHU
082 ## - NÚMERO DE LA CLASIFICACIÓN DECIMAL DEWEY
Número de documento/Ítem A451g
100 1# - ENTRADA PRINCIPAL--NOMBRE DE PERSONA
Nombre de persona Almoguera, José Antonio
9 (RLIN) 5966
245 10 - MENCIÓN DE TÍTULO
Título Guía práctica para invertir en vivienda /
Mención de responsabilidad, etc. José Antonio Almoguera, Nicomedes Gallardo.
260 ## - PUBLICACIÓN, DISTRIBUCIÓN, ETC.
Lugar de publicación, distribución, etc. Madrid :
Nombre del editor, distribuidor, etc. Centro de Estudios Técnicos Empresariales,
Fecha de publicación, distribución, etc. 2001.
300 ## - DESCRIPCIÓN FÍSICA
Extensión 128 p. ;
Dimensiones 19 cm.
500 ## - NOTA GENERAL
Nota general Incluye índice
910 ## - DATOS DE OPCIÓN DEL USUARIO (OCLC)
Datos de opción del usuario En proceso
Existencias
Estado de retiro Estado de pérdida Restricciones de uso No para préstamo Código de colección Localización permanente Ubicación/localización actual Ubicación en estantería Fecha de adquisición Número de inventario Total de préstamos Signatura topográfica completa Código de barras Fecha visto por última vez Precio válido a partir de Tipo de ítem Koha
      Excluido de préstamo Monografías: Libros y Folletos General General En catalogación 29.06.2009 LF1   A451g 1831-10 25.06.2020 25.06.2020 No se presta
        Monografías: Libros y Folletos General General Orden iniciada 29.06.2009 LF1   A451g 1832-10 25.06.2020 25.06.2020 No se presta
        Monografías: Libros y Folletos General General Orden iniciada 29.06.2009 LF1   A451g 1832-20 25.06.2020 25.06.2020 No se presta

Con tecnología Koha